000 00555nam a2200193 a 4500
001 1259
005 20140414131921.0
008 041206s19uu xx 00 eng d
020 _a0-307-10037-5
050 _aER
_bSn6 1992
100 _aBalducci, Rita
245 _aSnow White and the seven dwarfs /
_cadapted by Rita Balducci ; illustrated by Don Williams.
260 _aNew York :
_bA Golden Book,
_c1992.
300 _a1 v. p. : ill. ; cm.
440 _aWalt Disney's
650 _aFairy tales.
650 _aChildren stories.
999 _c111759
_d111759